000 00590nam a2200229Ia 4500
003 OSt
005 20220928105558.0
006 a|||||r|||| 00| 0
007 ta
008 220927b |||||||| |||| 00| 0 eng d
024 _a44466
037 _cTextual
040 _aSDCL
_cSDCL
_beng
041 _2eng
_aeng
082 _aO152,1Nx, N1
100 _aGobil Prabodh
_9415883
245 0 _aRakkasa si nache Dilli.
260 _aBombay
_bJeevan Prakashan
_c1991
300 _a36p
_ccm.
942 _hO152,1Nx, N1
_cTEXL
_2CC
999 _c731781
_d731781